Suarez as philosopher, (Record no. 131721)
[ view plain ]
| 000 -LEADER | |
|---|---|
| fixed length control field | 00362nam a22001217a 4500 |
| 008 - FIXED-LENGTH DATA ELEMENTS--GENERAL INFORMATION | |
| fixed length control field | 230330b |||||||| |||| 00| 0 eng d |
| 050 ## - LIBRARY OF CONGRESS CALL NUMBER | |
| Classification number | B785.S85 C129. |
| 100 ## - MAIN ENTRY--PERSONAL NAME | |
| Personal name | Carrarens,J. Gomez. |
| 9 (RLIN) | 52283 |
| 245 ## - TITLE STATEMENT | |
| Title | Suarez as philosopher, |
| Statement of responsibility, etc | J.Gomez Caffarena sj. |
| 260 ## - PUBLICATION, DISTRIBUTION, ETC. (IMPRINT) | |
| Place of publication, distribution, etc | Madrid: |
| Name of publisher, distributor, etc | Chamartin school of philosophy. |
| Date of publication, distribution, etc | 1948 |
| 300 ## - PHYSICAL DESCRIPTION | |
| Extent | 34p; |
| Dimensions | 29cm. |
| 942 ## - ADDED ENTRY ELEMENTS (KOHA) | |
| Source of classification or shelving scheme | Library of Congress Classification |
| Item type | SPC |
| Withdrawn status | Lost status | Source of classification or shelving scheme | Damaged status | Not for loan | Home library | Current library | Shelving location | Date acquired | Total Checkouts | Full call number | Barcode | Date last seen | Price effective from | Koha item type |
|---|---|---|---|---|---|---|---|---|---|---|---|---|---|---|
| Library of Congress Classification | ARRUPE LIBRARY | ARRUPE LIBRARY | REFERENCE | 30/03/2023 | B785.S85 C129. | 46700000255 | 30/03/2023 | 30/03/2023 | SPC |